[Event "GER Cup Net V3 U2000"]
[Site "Playchess.com INT"]
[Date "2020.05.27"]
[Round "3"]
[White "Joachim, Christian"]
[Black "Bashylina, Luisa"]
[Result "1-0"]
[WhiteElo "1713"]
[BlackElo "1941"]
[PlyCount "89"]
[EventDate "2020.05.27"]
[EventType "swiss (blitz)"]
[EventRounds "9"]
[EventCountry "GER"]
[SourceTitle "EXT 2021"]
[Source "ChessBase"]
[SourceDate "2020.10.23"]
[SourceVersion "1"]
[SourceVersionDate "2020.10.23"]
[SourceQuality "1"]

1. Nf3 Nf6 2. d4 g6 3. Bg5 Bg7 4. e3 d6 5. Nbd2 0-0 6. Bd3 h6 7. Bh4 Nc6 8. c3 e5 9. Rc1 Bg4 10. Bb1 Qe7 11. h3 Bxf3 12. Nxf3 g5 13. Bg3 Rae8 14. 0-0 Nh5 15. Bh2 exd4 16. cxd4 f5 17. Qb3+ Kh8 18. Qxb7 Nd8 19. Qxc7 Qf6 20. Qxd6 Re6 21. Qc5 Nf7 22. Qxf5 Qxf5 23. Bxf5 Rb6 24. b3 Nf6 25. Ne5 Nxe5 26. Bxe5 Nd5 27. Bxg7+ Kxg7 28. Be4 Nf6 29. Rc7+ Rf7 30. Rfc1 Nxe4 31. Rxf7+ Kxf7 32. Rc7+ Kg6 33. Rxa7 Rc6 34. b4 Rc1+ 35. Kh2 Nxf2 36. b5 Rb1 37. a4 Nd3 38. Ra6+ Kf5 39. b6 Ke4 40. a5 Kxe3 41. Ra7 Kxd4 42. b7 Nc5 43. a6 Rb6 44. Ra8 Nxa6 45. Kg3 1-0

[Event "GER Cup Net V3 U2000"]
[Site "Playchess.com INT"]
[Date "2020.05.27"]
[Round "4"]
[White "Niebergall, Gerhard"]
[Black "Joachim, Christian"]
[Result "0-1"]
[WhiteElo "1825"]
[BlackElo "1713"]
[PlyCount "94"]
[EventDate "2020.05.27"]
[EventType "swiss (blitz)"]
[EventRounds "9"]
[EventCountry "GER"]
[SourceTitle "EXT 2021"]
[Source "ChessBase"]
[SourceDate "2020.10.23"]
[SourceVersion "1"]
[SourceVersionDate "2020.10.23"]
[SourceQuality "1"]

1. e4 e6 2. d4 b6 3. Nf3 Bb7 4. Bd3 Nf6 5. Qe2 c5 6. c3 cxd4 7. cxd4 Nc6 8. a3 Rc8 9. Nc3 Na5 10. Bg5 Be7 11. 0-0 h6 12. Bh4 0-0 13. Rad1 Nh7 14. Bxe7 Qxe7 15. e5 Ng5 16. Nxg5 Qxg5 17. Ne4 Qg6 18. Nf6+ gxf6 19. Bxg6 fxg6 20. f4 f5 21. Rc1 Be4 22. b4 Nb3 23. Rxc8 Rxc8 24. Qb2 Rc2 25. Rf2 Rxb2 26. Rxb2 Nxd4 27. Rd2 Nb5 28. Rxd7 Bc6 29. Rd8+ Kf7 30. a4 Nc3 31. b5 Bd5 32. Rd7+ Ke8 33. Rxa7 Ne2+ 34. Kf2 Nxf4 35. g3 Nd3+ 36. Ke3 Nxe5 37. Kd4 Nf3+ 38. Kc3 Ne5 39. a5 bxa5 40. b6 Nd7 41. b7 Kd8 42. Ra8+ Kc7 43. Rxa5 Kxb7 44. Kd4 Nf6 45. Ke5 Nd7+ 46. Kd4 Kb6 47. Ra8 Bxa8 0-1

[Event "GER Cup Net V2 U2000"]
[Site "Playchess.com INT"]
[Date "2020.05.22"]
[Round "3"]
[White "Joachim, Christian"]
[Black "Schenk, Jonatan"]
[Result "1-0"]
[WhiteElo "1704"]
[BlackElo "1561"]
[PlyCount "41"]
[EventDate "2020.05.22"]
[EventType "swiss (blitz)"]
[EventRounds "9"]
[EventCountry "GER"]
[SourceTitle "EXT 2021"]
[Source "ChessBase"]
[SourceDate "2020.10.23"]
[SourceVersion "1"]
[SourceVersionDate "2020.10.23"]
[SourceQuality "1"]

1. Nf3 f5 2. d4 e6 3. Bf4 Nf6 4. e3 b6 5. Nbd2 Bb7 6. Ne5 d6 7. Nef3 Nc6 8. Bb5 Be7 9. c3 0-0 10. 0-0 e5 11. dxe5 dxe5 12. Bg3 f4 13. exf4 exf4 14. Bxf4 a6 15. Ba4 b5 16. Bb3+ Kh8 17. Ng5 Nd5 18. Ne6 Qe8 19. Bxd5 Bc5 20. Nxf8 Qxf8 21. Qf3 1-0

[Event "GER Cup Net V2 U2000"]
[Site "Playchess.com INT"]
[Date "2020.05.22"]
[Round "6"]
[White "Meschke, Andreas"]
[Black "Joachim, Christian"]
[Result "1-0"]
[WhiteElo "1855"]
[BlackElo "1704"]
[PlyCount "87"]
[EventDate "2020.05.22"]
[EventType "swiss (blitz)"]
[EventRounds "9"]
[EventCountry "GER"]
[SourceTitle "EXT 2021"]
[Source "ChessBase"]
[SourceDate "2020.10.23"]
[SourceVersion "1"]
[SourceVersionDate "2020.10.23"]
[SourceQuality "1"]

1. e4 e6 2. d4 b6 3. Nf3 Bb7 4. Nbd2 Nf6 5. Bd3 c5 6. 0-0 cxd4 7. Nxd4 Nc6 8. c3 Bc5 9. N2f3 Be7 10. Re1 h6 11. e5 Nd5 12. a3 Bg5 13. Nxg5 hxg5 14. Qg4 Nxd4 15. cxd4 Nf4 16. Bxf4 gxf4 17. Qxf4 Rh4 18. Qe3 Rg4 19. f3 Qg5 20. fxg4 Qxg4 21. Be4 Bxe4 22. Qxe4 Qg5 23. Rac1 Kd8 24. Qxa8+ Ke7 25. Qf3 Qd2 26. Rf1 Qxd4+ 27. Kh1 f5 28. exf6+ gxf6 29. Rc7 f5 30. Rxa7 Qxb2 31. Qb7 Qd2 32. Qxb6 Qd3 33. Qb4+ Kf6 34. Rc1 d5 35. Qc3+ Qxc3 36. Rxc3 d4 37. Rd3 Ke5 38. Ra5+ Ke4 39. Rd1 d3 40. Kg1 Ke3 41. Re1+ Kd2 42. Rxe6 Kc2 43. Rd5 d2 44. Red6 1-0

[Event "GER Cup Net V2 U2000"]
[Site "Playchess.com INT"]
[Date "2020.05.22"]
[Round "4"]
[White "Sossna, Gerald"]
[Black "Joachim, Christian"]
[Result "0-1"]
[WhiteElo "1631"]
[BlackElo "1704"]
[PlyCount "94"]
[EventDate "2020.05.22"]
[EventType "swiss (blitz)"]
[EventRounds "9"]
[EventCountry "GER"]
[SourceTitle "EXT 2021"]
[Source "ChessBase"]
[SourceDate "2020.10.23"]
[SourceVersion "1"]
[SourceVersionDate "2020.10.23"]
[SourceQuality "1"]

1. e4 e6 2. d4 b6 3. Nf3 Bb7 4. Bd3 Nf6 5. Nbd2 c5 6. c3 cxd4 7. Nxd4 Nc6 8. Nxc6 Bxc6 9. 0-0 Rc8 10. Re1 Be7 11. Nf3 h6 12. Bf4 d6 13. e5 dxe5 14. Bxe5 Qd5 15. Bg3 g5 16. Be2 0-0 17. Qxd5 Bxd5 18. Ba6 Rcd8 19. Be2 Ne4 20. c4 Nxg3 21. hxg3 Bb7 22. b3 Bf6 23. Rad1 Bc3 24. Rxd8 Rxd8 25. Rd1 Rxd1+ 26. Bxd1 Be4 27. Kf1 Bd3+ 28. Be2 Bb1 29. a4 Bc2 30. b4 Bxb4 31. Nd4 Bxa4 32. f4 Bc5 33. Nf3 Bc6 34. Ne5 Be4 35. Nd7 a5 36. Bd1 Bc6 37. Nxc5 bxc5 38. Bb3 Kg7 39. Kf2 Kf6 40. Bc2 a4 41. fxg5+ hxg5 42. Ke3 a3 43. Bb1 Bxg2 44. Ba2 Ke5 45. Kf2 Be4 46. Ke3 Bf5 47. Bb3 Bb1 0-1

[Event "GER Cup Net V2 U2000"]
[Site "Playchess.com INT"]
[Date "2020.05.22"]
[Round "7"]
[White "Wall, Viktor"]
[Black "Joachim, Christian"]
[Result "0-1"]
[WhiteElo "1549"]
[BlackElo "1704"]
[PlyCount "68"]
[EventDate "2020.05.22"]
[EventType "swiss (blitz)"]
[EventRounds "9"]
[EventCountry "GER"]
[SourceTitle "EXT 2021"]
[Source "ChessBase"]
[SourceDate "2020.10.23"]
[SourceVersion "1"]
[SourceVersionDate "2020.10.23"]
[SourceQuality "1"]

1. e4 e6 2. d4 b6 3. Nc3 Bb7 4. Bd3 Nf6 5. Nf3 Bb4 6. Bd2 Bxc3 7. Bxc3 Nxe4 8. Bb4 Nf6 9. 0-0 d6 10. c4 0-0 11. Qc2 h6 12. Rad1 Nc6 13. Bc3 Ne7 14. Be2 Ng6 15. Nd2 Re8 16. f3 Nf4 17. Rde1 Nxe2+ 18. Rxe2 Ba6 19. b3 d5 20. Rfe1 dxc4 21. bxc4 Rc8 22. d5 Qd6 23. Bxf6 gxf6 24. dxe6 fxe6 25. Ne4 Qd4+ 26. Kh1 f5 27. Nd2 Rcd8 28. Qb3 Kf7 29. Rd1 Bxc4 30. Qe3 Bxe2 31. Qxh6 Bxd1 32. Qh7+ Qg7 33. Qh5+ Kg8 34. h3 Rxd2 0-1

[Event "GER-ch Net Amateur Gr-B Final"]
[Site "Playchess.com INT"]
[Date "2020.04.18"]
[Round "12"]
[White "Schernetzki, Bernd"]
[Black "Joachim, Christian"]
[Result "0-1"]
[WhiteElo "1786"]
[BlackElo "1735"]
[PlyCount "58"]
[EventDate "2020.04.18"]
[EventType "swiss (blitz)"]
[EventRounds "13"]
[EventCountry "GER"]
[SourceTitle "CBM 195 Extra"]
[Source "ChessBase"]
[SourceDate "2020.05.31"]
[SourceVersion "1"]
[SourceVersionDate "2020.05.31"]
[SourceQuality "1"]

1. d4 Nf6 2. c4 g6 3. Nc3 Bg7 4. e4 d6 5. Nge2 0-0 6. Ng3 Nbd7 7. Be2 e5 8. d5 Nc5 9. h4 h5 10. Bg5 Qe8 11. Bxf6 Bxf6 12. Bxh5 gxh5 13. Nxh5 Bg7 14. Qf3 f5 15. Nxg7 Kxg7 16. exf5 Rxf5 17. Qg3+ Qg6 18. Qe3 Bd7 19. Rh3 Kh7 20. Rg3 Qh6 21. Qe2 Rg8 22. Rxg8 Kxg8 23. f3 Qxh4+ 24. Kd2 Qf4+ 25. Kc2 Rg5 26. Rg1 Bf5+ 27. Kd1 Qd4+ 28. Kc1 Qxg1+ 29. Nd1 Rxg2 0-1

[Event "GER-ch Net Amateur Gr-B Vor3"]
[Site "Playchess.com INT"]
[Date "2020.04.16"]
[Round "8"]
[White "Vieten, Mario"]
[Black "Joachim, Christian"]
[Result "0-1"]
[WhiteElo "1598"]
[BlackElo "1730"]
[PlyCount "104"]
[EventDate "2020.04.16"]
[EventType "swiss (blitz)"]
[EventRounds "9"]
[EventCountry "GER"]
[SourceTitle "CBM 195 Extra"]
[Source "ChessBase"]
[SourceDate "2020.05.31"]
[SourceVersion "1"]
[SourceVersionDate "2020.05.31"]
[SourceQuality "1"]

1. Nc3 e6 2. Nf3 b6 3. d4 Bb7 4. e4 Bb4 5. Bd3 Nf6 6. Qe2 0-0 7. 0-0 h6 8. Bd2 Be7 9. e5 Nh7 10. Be4 Bxe4 11. Qxe4 Nc6 12. Qg4 Kh8 13. Ne4 f5 14. exf6 Nxf6 15. Nxf6 Bxf6 16. c3 Ne7 17. Nh4 Bxh4 18. Qxh4 Nf5 19. Qxd8 Raxd8 20. Rae1 Kh7 21. d5 exd5 22. Re5 c6 23. Rfe1 Rf7 24. Re8 Rxe8 25. Rxe8 Re7 26. Rxe7 Nxe7 27. Bf4 Kg6 28. Bb8 a6 29. Ba7 b5 30. Bc5 Nf5 31. Kf1 Kf6 32. Ke2 Ke6 33. Kd3 Nd6 34. Bd4 g6 35. b3 Nf5 36. Bb6 Nh4 37. g3 Nf5 38. c4 dxc4+ 39. bxc4 h5 40. cxb5 axb5 41. Ke4 d5+ 42. Kd3 Ke5 43. Bc7+ Ke6 44. Bb6 Nh6 45. h3 Nf7 46. Kd4 Ng5 47. h4 Nf3+ 48. Ke3 Ne5 49. f4 Nc4+ 50. Kd4 Nxb6 51. Kc5 Nd7+ 52. Kxc6 d4 0-1

[Event "GER-ch Net Amateur Gr-B Vor2"]
[Site "Playchess.com INT"]
[Date "2020.04.15"]
[Round "7"]
[White "Joachim, Christian"]
[Black "Kurzynsky, Mirko"]
[Result "1/2-1/2"]
[WhiteElo "1744"]
[BlackElo "1628"]
[PlyCount "102"]
[EventDate "2020.04.15"]
[EventType "swiss (blitz)"]
[EventRounds "9"]
[EventCountry "GER"]
[SourceTitle "CBM 196 Extra"]
[Source "ChessBase"]
[SourceDate "2020.07.31"]
[SourceVersion "1"]
[SourceVersionDate "2020.07.31"]
[SourceQuality "1"]

1. Nf3 Nf6 2. d4 g6 3. Bg5 Bg7 4. e3 b6 5. Nbd2 Bb7 6. Bd3 d5 7. c3 c5 8. Rc1 Nc6 9. a3 0-0 10. Bb1 Re8 11. 0-0 e5 12. dxe5 Nxe5 13. Nxe5 Rxe5 14. Nf3 Re8 15. Ba2 Qd6 16. Bf4 Qe6 17. Re1 Nh5 18. Bg5 Qf5 19. Bb1 Qe6 20. Bh4 Nf6 21. Ng5 Qc6 22. Nf3 Ne4 23. Bc2 Bf6 24. Bg3 Nxg3 25. hxg3 Rad8 26. Qe2 d4 27. cxd4 Bxd4 28. Qf1 Bxb2 29. Rb1 Bxa3 30. Ra1 Bb4 31. Rec1 a5 32. Ba4 b5 33. Bxb5 Qe4 34. Bxe8 Rxe8 35. Rc4 Qc6 36. Rc2 Ba6 37. Qd1 Bb7 38. Rac1 a4 39. Rb2 Qe4 40. Rbb1 a3 41. Ra1 Qe6 42. Qe2 Qf6 43. Qb5 Bc6 44. Qc4 Bxf3 45. gxf3 Qxf3 46. Qb5 Rxe3 47. fxe3 Qxg3+ 48. Kf1 Qf3+ 49. Kg1 Qg3+ 50. Kf1 Qf3+ 51. Kg1 Qg3+ 1/2-1/2

[Event "GER-ch Net Amateur Gr-B Vor1"]
[Site "Playchess.com INT"]
[Date "2020.04.14"]
[Round "1"]
[White "Jessen, Bjarne"]
[Black "Joachim, Christian"]
[Result "1-0"]
[WhiteElo "1620"]
[BlackElo "1825"]
[PlyCount "107"]
[EventDate "2020.04.14"]
[EventType "swiss (blitz)"]
[EventRounds "9"]
[EventCountry "GER"]
[SourceTitle "EXT 2021"]
[Source "ChessBase"]
[SourceDate "2020.10.23"]
[SourceVersion "1"]
[SourceVersionDate "2020.10.23"]
[SourceQuality "1"]

1. e4 e6 2. d4 b6 3. Nf3 Bb7 4. Bd3 Nf6 5. Nc3 Bb4 6. Qe2 c5 7. 0-0 cxd4 8. Nxd4 Nc6 9. Nxc6 Bxc6 10. Bg5 h6 11. Bh4 Be7 12. Bg3 0-0 13. e5 Nh7 14. Rad1 Rc8 15. Kh1 f5 16. exf6 Nxf6 17. Ne4 Nxe4 18. Bxe4 Bxe4 19. Qxe4 Bf6 20. c3 Qe8 21. Bd6 Rf7 22. Qb7 Ra8 23. Rd3 Qc8 24. Qe4 Be7 25. Bg3 d5 26. Qe3 Qc6 27. Rfd1 Bc5 28. Qe2 Raf8 29. f3 Re8 30. Re1 Qb5 31. Rd2 Qc6 32. Rd3 Bd6 33. Re3 Bxg3 34. hxg3 Rfe7 35. f4 Kf7 36. f5 Qd6 37. fxe6+ Rxe6 38. Rxe6 Rxe6 39. Rf1+ Ke7 40. Qf3 Kd7 41. Qf7+ Re7 42. Qf5+ Kc7 43. Kh2 Re5 44. Qf7+ Re7 45. Qf3 Re5 46. Rf2 Qe6 47. Qf8 Qe7 48. Qf4 Kc6 49. Qa4+ b5 50. Qa6+ Kc5 51. b4+ Kc4 52. Qc8+ Kd3 53. Rf3+ Ke4 54. Qg4# 1-0

[Event "GER-ch Net Amateur Gr-B Vor1"]
[Site "Playchess.com INT"]
[Date "2020.04.14"]
[Round "9"]
[White "Joachim, Christian"]
[Black "Blome, Johannes"]
[Result "0-1"]
[WhiteElo "1777"]
[BlackElo "1771"]
[PlyCount "48"]
[EventDate "2020.04.14"]
[EventType "swiss (blitz)"]
[EventRounds "9"]
[EventCountry "GER"]
[SourceTitle "EXT 2021"]
[Source "ChessBase"]
[SourceDate "2020.10.23"]
[SourceVersion "1"]
[SourceVersionDate "2020.10.23"]
[SourceQuality "1"]

1. Nf3 e6 2. d4 d5 3. Bg5 Be7 4. Bf4 Nf6 5. e3 0-0 6. Nbd2 c5 7. c3 Nc6 8. Rc1 Nh5 9. Bg3 Nxg3 10. hxg3 f5 11. Bd3 b6 12. Bb1 a5 13. Qc2 Ba6 14. g4 g6 15. gxf5 exf5 16. g4 fxg4 17. Rxh7 Rf5 18. Rh6 Qd6 19. Nh4 Bxh4 20. Rxh4 g3 21. Rg4 gxf2+ 22. Kd1 f1Q+ 23. Nxf1 Rxf1+ 24. Kd2 Qh2+ 0-1

[Event "GER-ch Net blitz qual4"]
[Site "Playchess.com INT"]
[Date "2020.03.23"]
[Round "7"]
[White "Boos, Markus"]
[Black "Joachim, Christian"]
[Result "1/2-1/2"]
[WhiteElo "2153"]
[BlackElo "1767"]
[PlyCount "80"]
[EventDate "2020.03.23"]
[EventType "swiss (blitz)"]
[EventRounds "9"]
[EventCountry "GER"]
[SourceTitle "CBM 195 Extra"]
[Source "ChessBase"]
[SourceDate "2020.05.31"]
[SourceVersion "1"]
[SourceVersionDate "2020.05.31"]
[SourceQuality "1"]

1. Nf3 e6 2. g3 b6 3. Bg2 Bb7 4. 0-0 c5 5. c4 Nf6 6. Nc3 Nc6 7. Re1 Rc8 8. e4 Be7 9. d4 cxd4 10. Nxd4 Nxd4 11. Qxd4 Bc5 12. Qd3 Ng4 13. Nd1 Ba6 14. b3 Qf6 15. Qe2 Qxa1 16. Bb2 Qxa2 17. Qxg4 Rg8 18. Qf3 Bb7 19. Qd3 Bb4 20. Rf1 Qa5 21. Nc3 Bxc3 22. Bxc3 Qg5 23. Rd1 Rd8 24. f4 Qg6 25. Be5 d5 26. cxd5 exd5 27. Qd4 Qc6 28. exd5 Qc5 29. Kf2 Qxd4+ 30. Rxd4 f6 31. Bc7 Rd7 32. d6 Bxg2 33. Kxg2 Kf7 34. Kf3 Rc8 35. Ra4 Rdxc7 36. dxc7 Rxc7 37. b4 Ke6 38. Ke4 f5+ 39. Kd4 Kd6 40. Ra1 Re7 1/2-1/2

[Event "GER-ch Net blitz qual4"]
[Site "Playchess.com INT"]
[Date "2020.03.23"]
[Round "5"]
[White "Joachim, Christian"]
[Black "Koellner, Aaron Noah"]
[Result "1-0"]
[WhiteElo "1767"]
[BlackElo "2275"]
[PlyCount "43"]
[EventDate "2020.03.23"]
[EventType "swiss (blitz)"]
[EventRounds "9"]
[EventCountry "GER"]
[SourceTitle "CBM 195 Extra"]
[Source "ChessBase"]
[SourceDate "2020.05.31"]
[SourceVersion "1"]
[SourceVersionDate "2020.05.31"]
[SourceQuality "1"]

1. Nf3 d5 2. d4 c6 3. Bg5 Bf5 4. e3 Nd7 5. Bd3 Bg6 6. c3 Ngf6 7. 0-0 Ne4 8. Bxe4 dxe4 9. Nfd2 h6 10. Bh4 Nf6 11. f3 exf3 12. Nxf3 e6 13. Ne5 Be4 14. Nd2 Bf5 15. e4 Bh7 16. Nxf7 Kxf7 17. e5 Be7 18. exf6 gxf6 19. Nf3 Rg8 20. Ne5+ Kg7 21. Qg4+ Kh8 22. Nf7# 1-0

[Event "GER-ch Net blitz qual4"]
[Site "Playchess.com INT"]
[Date "2020.03.23"]
[Round "1"]
[White "Legde, Georg"]
[Black "Joachim, Christian"]
[Result "1-0"]
[WhiteElo "2333"]
[BlackElo "1767"]
[PlyCount "93"]
[EventDate "2020.03.23"]
[EventType "swiss (blitz)"]
[EventRounds "9"]
[EventCountry "GER"]
[SourceTitle "CBM 195 Extra"]
[Source "ChessBase"]
[SourceDate "2020.05.31"]
[SourceVersion "1"]
[SourceVersionDate "2020.05.31"]
[SourceQuality "1"]

1. d4 e6 2. Nf3 b6 3. g3 Bb7 4. Bg2 Nf6 5. 0-0 c5 6. c4 cxd4 7. Qxd4 Nc6 8. Qf4 Be7 9. Nc3 0-0 10. Rd1 Qb8 11. Qxb8 Raxb8 12. Bf4 Rbc8 13. Nb5 a6 14. Nd6 Bxd6 15. Bxd6 Rfe8 16. Rac1 Ne4 17. Bf4 h6 18. Rxd7 Ba8 19. Be3 Nb8 20. Rdd1 Nc5 21. Rd6 Nbd7 22. b4 Nf6 23. bxc5 bxc5 24. Ne5 Bxg2 25. Kxg2 Ne4 26. Rxa6 Red8 27. f3 Nf6 28. Nd3 e5 29. Nxc5 e4 30. Nxe4 Nxe4 31. fxe4 Re8 32. Kf3 Re7 33. c5 Rce8 34. c6 Rxe4 35. Rc3 f5 36. c7 Rc8 37. Rb6 Ree8 38. Bf4 g5 39. Bd6 Kg7 40. Rb8 Kf6 41. Rxc8 Rxc8 42. Rb3 Ke6 43. Rb8 Kd7 44. Rxc8 Kxc8 45. e4 Kd7 46. exf5 Kxd6 47. c8Q 1-0

[Event "GER-ch Net blitz qual2"]
[Site "Playchess.com INT"]
[Date "2020.03.16"]
[Round "3"]
[White "Joachim, Christian"]
[Black "Mueller, Markus"]
[Result "0-1"]
[WhiteElo "1735"]
[BlackElo "2124"]
[PlyCount "92"]
[EventDate "2020.03.16"]
[EventType "swiss (blitz)"]
[EventRounds "9"]
[EventCountry "GER"]
[SourceTitle "CBM 195 Extra"]
[Source "ChessBase"]
[SourceDate "2020.05.31"]
[SourceVersion "1"]
[SourceVersionDate "2020.05.31"]
[SourceQuality "1"]

1. Nf3 c5 2. d4 cxd4 3. Qxd4 Nc6 4. Qa4 g6 5. Bg5 Bg7 6. c3 Nf6 7. e3 0-0 8. Nbd2 a6 9. Bd3 h6 10. Bh4 d6 11. Rc1 Bd7 12. Qd1 b5 13. Bb1 Rc8 14. 0-0 Qb6 15. a3 Rfd8 16. Re1 a5 17. Nd4 Ne5 18. f4 Nc4 19. Nxc4 bxc4 20. Bf2 Qxb2 21. Re2 Qxa3 22. Ra2 Qc5 23. h4 Ng4 24. f5 Nxf2 25. Rxf2 Be8 26. Qg4 h5 27. Qg5 Bf6 28. Qf4 Qe5 29. Qf3 Bxh4 30. fxg6 Bxf2+ 31. Qxf2 fxg6 32. Rf1 Qf6 33. Qg3 Qg7 34. Ne6 Qe5 35. Rf8+ Kh7 36. Qxe5 dxe5 37. Nxd8 Rxd8 38. Kh2 Rd1 39. Be4 Bb5 40. Rf7+ Kg8 41. Rxe7 a4 42. Rxe5 a3 43. Rxb5 a2 44. Ra5 a1Q 45. Ra2 Qxa2 46. Bd5+ Rxd5 0-1

[Event "GER-ch Net blitz qual2"]
[Site "Playchess.com INT"]
[Date "2020.03.16"]
[Round "6"]
[White "Joachim, Christian"]
[Black "Zinke, Thomas"]
[Result "1-0"]
[WhiteElo "1735"]
[BlackElo "1595"]
[PlyCount "43"]
[EventDate "2020.03.16"]
[EventType "swiss (blitz)"]
[EventRounds "9"]
[EventCountry "GER"]
[SourceTitle "CBM 195 Extra"]
[Source "ChessBase"]
[SourceDate "2020.05.31"]
[SourceVersion "1"]
[SourceVersionDate "2020.05.31"]
[SourceQuality "1"]

1. Nf3 c5 2. d4 cxd4 3. Qxd4 d5 4. Bg5 Nc6 5. Qd1 Nf6 6. e3 Bg4 7. Nbd2 h6 8. Bh4 e6 9. c3 Be7 10. Bb5 0-0 11. Qa4 Bf5 12. Bxc6 bxc6 13. Qxc6 Rb8 14. Nb3 a5 15. 0-0 a4 16. Qxa4 g5 17. Bg3 Ra8 18. Qb5 Ne4 19. Nfd4 Nxg3 20. hxg3 Rb8 21. Qe2 Bg6 22. Nc6 1-0

[Event "GER-ch Net blitz qual1"]
[Site "Playchess.com INT"]
[Date "2020.03.07"]
[Round "3"]
[White "Joachim, Christian"]
[Black "Boos, Markus"]
[Result "0-1"]
[WhiteElo "1714"]
[BlackElo "2153"]
[PlyCount "74"]
[EventDate "2020.03.07"]
[EventType "swiss (blitz)"]
[EventRounds "9"]
[EventCountry "GER"]
[SourceTitle "CBM 195 Extra"]
[Source "ChessBase"]
[SourceDate "2020.05.31"]
[SourceVersion "1"]
[SourceVersionDate "2020.05.31"]
[SourceQuality "1"]

1. Nf3 Nf6 2. d4 g6 3. Bg5 Bg7 4. e3 0-0 5. c3 d6 6. Nbd2 c5 7. Bd3 h6 8. Bh4 b6 9. Rb1 Bb7 10. Rc1 Nbd7 11. Bb1 Rc8 12. Qc2 b5 13. 0-0 Qb6 14. a3 a5 15. Bg3 Nh5 16. Nh4 Nxg3 17. fxg3 d5 18. Rf2 e5 19. dxe5 Nxe5 20. Rcf1 Ng4 21. Rf3 Rce8 22. h3 Nxe3 23. Rxe3 Rxe3 24. Ndf3 d4 25. cxd4 cxd4 26. Nf5 Be4 27. Ne7+ Kh7 28. Qd2 Bxb1 29. Rxb1 Rxe7 30. Nh4 d3+ 31. Kh2 Qd4 32. Nf3 Qd8 33. Rd1 Re2 34. Qxa5 Qd5 35. Nh4 d2 36. Qc3 Bxc3 37. bxc3 g5 0-1

[Event "GER-ch Net blitz qual1"]
[Site "Playchess.com INT"]
[Date "2020.03.07"]
[Round "6"]
[White "Joachim, Christian"]
[Black "Elbern, Thomas"]
[Result "0-1"]
[WhiteElo "1714"]
[BlackElo "2086"]
[PlyCount "98"]
[EventDate "2020.03.07"]
[EventType "swiss (blitz)"]
[EventRounds "9"]
[EventCountry "GER"]
[SourceTitle "CBM 195 Extra"]
[Source "ChessBase"]
[SourceDate "2020.05.31"]
[SourceVersion "1"]
[SourceVersionDate "2020.05.31"]
[SourceQuality "1"]

1. Nf3 f5 2. d4 e6 3. Bg5 Nf6 4. Bf4 d5 5. e3 Bd6 6. Bg5 0-0 7. Nbd2 c6 8. Ne5 Nbd7 9. Ndf3 Qc7 10. Bf4 Ne4 11. Bd3 Ndf6 12. Rc1 b5 13. 0-0 a5 14. b3 b4 15. Bxe4 Nxe4 16. Bg3 Ba6 17. Re1 Nc3 18. Qd2 Nxa2 19. Ra1 Nc3 20. Ng5 Rae8 21. Nd3 Ne4 22. Qd1 Nxg5 23. Bxd6 Qxd6 24. Rxa5 Bxd3 25. cxd3 f4 26. e4 dxe4 27. Rxg5 f3 28. dxe4 Qf4 29. Rg3 fxg2 30. Rxg2 Qf3 31. Qd2 Qxb3 32. Qg5 Rf7 33. d5 exd5 34. e5 Qc3 35. Re2 Rfe7 36. Rg3 Qc4 37. h4 b3 38. h5 Qxe2 39. h6 Qxe5 40. Qg4 Qe1+ 41. Kh2 Qe5 42. Kg1 g6 43. Re3 Qf5 44. Qd4 Qf7 45. Rxb3 Re5 46. Re3 Rxe3 47. fxe3 g5 48. Qg4 Qg6 49. Qd7 Rf8 0-1